[Event "Rostov on Don-ch op"]
[Site "Rostov on Don"]
[Date "2008.12.??"]
[Round "9"]
[White "Ivaschenko, Vadim"]
[Black "Travkina, Anastasia"]
[Result "1-0"]
[WhiteElo "2128"]
[BlackElo "2138"]
[PlyCount "65"]
[EventDate "2008.12.19"]
[EventType "swiss"]
[EventRounds "9"]
[EventCountry "RUS"]
[SourceTitle "EXT 2022"]
[Source "ChessBase"]
[SourceDate "2021.10.06"]
[SourceVersion "1"]
[SourceVersionDate "2021.10.06"]
[SourceQuality "1"]

1. c4 c5 2. Nc3 Nc6 3. g3 g6 4. Bg2 Bg7 5. d3 d6 6. Rb1 e5 7. a3 a5 8. Nd5 Nge7 9. Bg5 h6 10. Bf6 Bxf6 11. Nxf6+ Kf8 12. e3 Kg7 13. Nd5 Rb8 14. Ne2 Nxd5 15. cxd5 Ne7 16. 0-0 h5 17. b4 cxb4 18. axb4 h4 19. d4 e4 20. Bxe4 Qg8 21. Qd2 Qh7 22. Nf4 hxg3 23. fxg3 Bf5 24. Qf2 Bxe4 25. Ne6+ fxe6 26. Qf6+ Kh6 27. Qh4+ Kg7 28. Qxe7+ Kh6 29. Qh4+ Kg7 30. Qf6+ Kh6 31. Rf4 Bf3 32. Rh4+ Bh5 33. Rxh5+ 1-0